Manual for teaching doorways to discovery

Αποθηκεύτηκε σε:
Λεπτομέρειες βιβλιογραφικής εγγραφής
Κύριος συγγραφέας: Russell, David Harris, 1906-1965
Άλλοι συγγραφείς: Snedaker, Mabel
Μορφή: Βιβλίο
Γλώσσα:English
Δημοσίευση: Boston : Ginn & Co., 1956
Σειρά:Ginn basic readers
Θέματα:
Ετικέτες: Προσθήκη ετικέτας
Δεν υπάρχουν, Καταχωρήστε ετικέτα πρώτοι!

MARC

LEADER 00000cam a2200000 i 4500
001 1/54959
008 040517s1956 eng d
035 |l 10073349 
040 |a GR-MY-UA  |b gre  |e aacr 
041 0 |a eng 
082 0 |a 428.24 
100 1 |a Russell, David Harris,   |d 1906-1965. 
245 1 0 |a Manual for teaching doorways to discovery /  |c david H. Russell, Mabel Snedaker 
246 3 4 |a Doorways to discovery 
260 |a Boston :   |b Ginn & Co.,   |c 1956 
300 |a 400 p. 
490 1 |a Ginn basic readers 
650 0 0 |a English language  |x Study and teaching (Elementary) 
650 0 0 |a Readers (Elementary) 
650 0 0 |a Reading. 
700 1 |a Snedaker, Mabel. 
830 0 |a Ginn basic readers 
852 |a INST  |b RHODES  |c AKA  |e 20040517  |h  428.24 RUS  |p 005400019092  |q 005400019092  |t BK  |y 0 
901 |a BIBL4-2004-2 
909 |a Ρ  |b 109424 
970 |a ΚΟΥΛΑΚΙΟΤΗ  |b ΛΙΤΣΑ  |z 2004/05/17